Marketing: (Record no. 15051)
[ view plain ]
| 000 -LEADER | |
|---|---|
| fixed length control field | 00515nam a22001577a 4500 |
| 008 - FIXED-LENGTH DATA ELEMENTS--GENERAL INFORMATION | |
| fixed length control field | 200208b ||||| |||| 00| 0 eng d |
| 020 ## - INTERNATIONAL STANDARD BOOK NUMBER | |
| International Standard Book Number | 9717250073 |
| 082 ## - DEWEY DECIMAL CLASSIFICATION NUMBER | |
| Edition number | 1996 |
| Classification number | DFil 380.1 |
| Item number | M67 |
| 100 ## - MAIN ENTRY--PERSONAL NAME | |
| Personal name | Miranda, Gregorio S. |
| 9 (RLIN) | 41718 |
| 245 ## - TITLE STATEMENT | |
| Title | Marketing: |
| Remainder of title | Marketing: Concepts and Strategies |
| 260 ## - PUBLICATION, DISTRIBUTION, ETC. (IMPRINT) | |
| Place of publication, distribution, etc. | Makati City: |
| Name of publisher, distributor, etc. | Grandwater Publications and Research Corporation, |
| Date of publication, distribution, etc. | ©1996 |
| 300 ## - PHYSICAL DESCRIPTION | |
| Extent | ii, 373 pages; |
| Dimensions | 23 cm. |
| 500 ## - GENERAL NOTE | |
| General note | Includes selected bibliography |
| 650 ## - SUBJECT ADDED ENTRY--TOPICAL TERM | |
| Topical term or geographic name as entry element | Marketing |
| 9 (RLIN) | 41719 |
| 942 ## - ADDED ENTRY ELEMENTS (KOHA) | |
| Source of classification or shelving scheme | Dewey Decimal Classification |
| Koha item type | Filipiniana |
| Withdrawn status | Lost status | Source of classification or shelving scheme | Damaged status | Not for loan | Collection code | Home library | Current library | Date acquired | Source of acquisition | Total Checkouts | Full call number | Barcode | Date last seen | Price effective from | Koha item type | Copy number |
|---|---|---|---|---|---|---|---|---|---|---|---|---|---|---|---|---|
| Dewey Decimal Classification | Filipiniana | UM Digos College - LIC | UM Digos College - LIC | 09/01/2007 | Purchase | DFil 380.1 M67 1996 | 19154 | 05/15/2025 | 02/08/2020 | Filipiniana | ||||||
| Dewey Decimal Classification | Filipiniana | UM Digos College - LIC | UM Digos College - LIC | 11/12/2020 | Purchased | DFil 380.1 M67 1996 | 13401 | 05/15/2025 | 11/12/2020 | Filipiniana | 2 | |||||
| Dewey Decimal Classification | Filipiniana | UM Digos College - LIC | UM Digos College - LIC | 11/12/2020 | Purchased | DFil 380.1 M67 1996 | 13403 | 05/15/2025 | 11/12/2020 | Filipiniana | 4 | |||||
| Dewey Decimal Classification | Filipiniana | UM Digos College - LIC | UM Digos College - LIC | 11/12/2020 | Purchased | DFil 380.1 M67 1996 | 13404 | 05/15/2025 | 11/12/2020 | Filipiniana | 5 | |||||
| Dewey Decimal Classification | Filipiniana | UM Digos College - LIC | UM Digos College - LIC | 11/12/2020 | Purchased | DFil 380.1 M67 1996 | 13405 | 05/15/2025 | 11/12/2020 | Filipiniana | 6 |
